000
00331nam a2200145Ia 4500
008
230711s9999||||xx |||||||||||||| ||und||
041
_a
ENG
082
_a
624
_b
IC-A
100
_a
I C Engineers
245
0
_a
Airports for people
250
_a
1st
260
_c
1988
_a
London
_b
Thomas Telford
650
_a
Architecture
942
_c
BK
999
_c
1242
_d
1242